|
|
|
|
| LEADER |
00000ny a22000003n 4500 |
| 005 |
20110623183334.0 |
| 008 |
090129s2008 ck s 000 0 spa d |
| 020 |
|
|
|a 958-648-550-0
|
| 035 |
|
|
|a 2519
|
| 040 |
|
|
|a UMA.RE
|d vlex
|
| 080 |
|
|
|a 658.016.1(861)(0.034)
|
| 090 |
|
|
|c 1173
|d 1173
|
| 100 |
1 |
|
|a Galindo Ruz̕, Carlos Julio
|
| 245 |
1 |
0 |
|a Manual para la creacin̤ de empresas
|h [Recurso electrn̤ico]
|c Carlos Julio Galindo Ruz̕
|
| 256 |
|
|
|a Servicio en ln̕ea
|
| 260 |
|
|
|a Bogot ̀:
|b ECOE,
|c 2008
|
| 506 |
1 |
|
|a Contenido solo disponible en los productos indicados
|d vLex Global
|d vLex Global (Academic Edition, excluding Law Schools)
|d vLex Global (U.S. Academic Edition, Law Schools)
|d vLex Global (U.S. Academic Edition, excluding Law Schools)
|d vLex Global (Academic Edition, Law Schools)
|
| 740 |
0 |
|
|a vLex Libros (Servicios en ln̕ea)
|
| 856 |
|
|
|z Acceso restringido
|u http://vlex.com/source/manual-creacion-empresas-2519
|
| 942 |
|
|
|c BOOK
|
| 999 |
0 |
4 |
|a Nuevas empresas
|v En ln̕ea
|